StarShip Rank quiz Stats

 Plays Quiz not verified by Sporcle

Score 0/30 Timer 12:00
0 Plays Today
Hint Answer % Correct
Private
80.6%
Captain
67.7%
General
67.7%
Captain
67.7%
Lieutenant
64.5%
Lieutenant
64.5%
Corporal
58.1%
Sergeant
51.6%
Colonel
51.6%
Major
45.2%
Admiral
41.9%
Recruit
35.5%
Commander
32.3%
Ensign
29%
Cadet
25.8%
Hint Answer % Correct
Master sergeant
19.4%
Major General
19.4%
Staff sergeant
12.9%
Lieutenant Colonel
12.9%
Rear Admiral
12.9%
Vice Admiral
9.7%
Lieutenant General
6.5%
Tech sergeant
3.2%
Spaceman
3.2%
Petty officer 3rd class
3.2%
Petty officer 2nd class
3.2%
Petty officer 1st class
3.2%
Chief Petty Officer
3.2%
Senior Chief Petty Officer
3.2%
Sky Admiral
0%

You're not logged in!

Compare scores with friends on all Sporcle quizzes.
OR
Log In

Sporcle TV

Today on Sporcle TV


Watch our educational content, quiz creation guides, and fun videos on Sporcle TV.

Show Comments

Extras

Created Jan 1, 2015ReportNominate
Tags:ship, star, starship, trooper

Top Quizzes Today


Score Distribution

Your Account Isn't Verified!

In order to create a playlist on Sporcle, you need to verify the email address you used during registration. Go to your Sporcle Settings to finish the process.

Report this User

Report this user for behavior that violates our Community Guidelines.

Details: